How can I know who to marry? [videorecording] / (Record no. 7356)
[ view plain ]
| 000 -LEADER | |
|---|---|
| fixed length control field | 00785nam a2200205 4500 |
| 008 - FIXED-LENGTH DATA ELEMENTS--GENERAL INFORMATION | |
| fixed length control field | 020502s1991 miu engt |
| 020 ## - INTERNATIONAL STANDARD BOOK NUMBER | |
| International Standard Book Number | 0929239482 |
| 090 ## - LOCALLY ASSIGNED LC-TYPE CALL NUMBER (OCLC); LOCAL CALL NUMBER (OCLC) | |
| Classification number (OCLC) (R) ; Classification number, CALL (RLIN) (NR) | 248.84 |
| Local cutter number (OCLC) ; Book number/undivided call number, CALL (RLIN) | B93 |
| 100 1# - MAIN ENTRY--PERSONAL NAME | |
| Personal name | Burnham, Dave |
| 245 10 - TITLE STATEMENT | |
| Title | How can I know who to marry? [videorecording] / |
| Statement of responsibility, etc | Dave Burnham with Billy Strachan. |
| 260 ## - PUBLICATION, DISTRIBUTION, ETC. (IMPRINT) | |
| Place of publication, distribution, etc | Michigan : |
| Name of publisher, distributor, etc | Discovery House, |
| Date of publication, distribution, etc | c1991. |
| 300 ## - PHYSICAL DESCRIPTION | |
| Extent | videocassette (80 mins.) : |
| Other physical details | sd., col. + |
| Accompanying material | leader's guide and 2 booklets on "How Can I Know Who to Marry?" |
| 490 1# - SERIES STATEMENT | |
| Series statement | Discovery interactive Bible study; |
| Volume number/sequential designation | 4 |
| 500 ## - GENERAL NOTE | |
| General note | Includes four (4) lessons. |
| 650 #4 - SUBJECT ADDED ENTRY--TOPICAL TERM | |
| Topical term or geographic name as entry element | Church work with single people. |
| 650 #4 - SUBJECT ADDED ENTRY--TOPICAL TERM | |
| Topical term or geographic name as entry element | Marriage |
| General subdivision | Biblical teaching. |
| 650 #4 - SUBJECT ADDED ENTRY--TOPICAL TERM | |
| Topical term or geographic name as entry element | Single people. |
| 700 1# - ADDED ENTRY--PERSONAL NAME | |
| Personal name | Strachan, Billy |
| 951 ## - EQUIVALENCE OR CROSS-REFERENCE-GEOGRAPHIC NAME/AREA NAME [OBSOLETE] [CAN/MARC only] | |
| -- | V-1057 |
| -- | 248.84/B93 |
| -- | 070613111059765 |
| -- | 2000-12-21 |
| -- | VT |
| Withdrawn status | Lost status | Damaged status | Not for loan | Home library | Current library | Shelving location | Date acquired | Accession number | Shelving control number | Total Checkouts | Full call number | Date last seen | Price effective from | Koha item type |
|---|---|---|---|---|---|---|---|---|---|---|---|---|---|---|
| BSOP Library | BSOP Library | Video Tapes | 12/21/2000 | V-1057 | 127 | 248.84/B93 | 02/23/2013 | 02/23/2013 | Books |
